| 000 | 00426nam a22001457a 4500 | ||
|---|---|---|---|
| 003 | NUST - PNEC | ||
| 005 | 20170116181034.0 | ||
| 008 | 150919b xxu||||| |||| 00| 0 eng d | ||
| 040 | _cLIBRARY | ||
| 082 | _a621.822 CAT | ||
| 100 |
_911279 _aCaterpillar Asia Training Center |
||
| 245 |
_aApplied failure analysis _bCourse Book 'A' _cCaterpillar Asia Training Center |
||
| 650 |
_911280 _aBearing Design _xME |
||
| 942 |
_2ddc _cBK |
||
| 999 |
_c67855 _d67855 |
||